000 00325nam a2200133Ia 4500
008 220204s9999 xx 000 0 und d
082 _a532
_bVEN
100 _aStreet, Robert L
245 0 _aElementary fluid mechanics
250 _aEd.5
260 _aNew York
_bJohn Wiley
_c1976
700 _aVennard, John K
942 _cBK
999 _c30632
_d30632